000 00408nam a22001097a 4500
008 230703b xxu||||| |||| 00| 0 eng d
082 _a342
_bCKRC 2005
245 _aToleo Jepesi la Katiba Mpya Inayopendekezwa
_bLimeidhinishwa Kusambazwa Katika Kikao Cha Tume Cha Jumla, Mnamo Alhamisi Septemba 1, 2005
260 _aKenya
_bConstitution of Kenya Review Commision (CKRC)
_c2005
300 _a77p
942 _2ddc
_cBK
999 _c3244
_d3244